Insurance Principles and Practices (Record no. 744)

MARC details
005 - DATE AND TIME OF LATEST TRANSACTION
control field 20250317093148.0
020 ## - INTERNATIONAL STANDARD BOOK NUMBER
International Standard Book Number 13-468777-9
082 ## - DEWEY DECIMAL CLASSIFICATION NUMBER
Classification number 368.01 RIE
100 ## - MAIN ENTRY--PERSONAL NAME
Author name RIEGEL, R.
245 ## - TITLE STATEMENT
Title Insurance Principles and Practices
250 ## - EDITION STATEMENT
Edition statement 5th
260 ## - PUBLICATION, DISTRIBUTION, ETC.
Place of publication, distribution, etc. London,
Name of publisher, distributor, etc. Prentice-Hall,
Date of publication, distribution, etc. 1966.
300 ## - PHYSICAL DESCRIPTION
Extent xvii, 867p.: ill.; figure, table.
Other physical details Index.
Dimensions 23cm.
700 ## - ADDED ENTRY--PERSONAL NAME
Other authors/Editors MILLER, J. S.
942 ## - ADDED ENTRY ELEMENTS (KOHA)
Source of classification or shelving scheme Dewey Decimal Classification
Koha item type Books
Holdings
Date last seen Total checkouts Full call number Barcode Cost, replacement price Price effective from Koha item type Lost status Source of classification or shelving scheme Damaged status Not for loan Withdrawn status Home library Current library Shelving location Date acquired Cost, normal purchase price
03/17/2025   368. 01 RIE 0000003052 30000.00 03/17/2025 Books   Dewey Decimal Classification       College of Business Education Main Library College of Business Education Main Library General Collection 03/17/2025 10000.00
03/17/2025   368. 01 RIE 0000003053 30000.00 03/17/2025 Books   Dewey Decimal Classification       College of Business Education Main Library College of Business Education Main Library General Collection 03/17/2025 10000.00
03/17/2025   368. 01 RIE 0000003054 30000.00 03/17/2025 Books   Dewey Decimal Classification       College of Business Education Main Library College of Business Education Main Library General Collection 03/17/2025 10000.00
03/17/2025   368. 01 RIE 0000003055 30000.00 03/17/2025 Books   Dewey Decimal Classification       College of Business Education Main Library College of Business Education Main Library General Collection 03/17/2025 10000.00
03/17/2025   368. 01 RIE 0000003056 30000.00 03/17/2025 Books   Dewey Decimal Classification       College of Business Education Main Library College of Business Education Main Library General Collection 03/17/2025 10000.00